[Event "IPCA Wch-A 13th"]
[Site "Velke Losiny"]
[Date "2013.06.24"]
[Round "8"]
[White "Sevcikova, Blanka"]
[Black "Kurochkina, Elena"]
[Result "0-1"]
[WhiteElo "1695"]
[BlackElo "1800"]
[PlyCount "86"]
[EventDate "2013.06.18"]
[EventType "swiss"]
[EventRounds "9"]
[EventCountry "CZE"]
[SourceTitle "CBM 155 Extra"]
[Source "ChessBase"]
[SourceDate "2013.08.26"]
[SourceVersion "1"]
[SourceVersionDate "2013.08.26"]
[SourceQuality "1"]

1. d4 f5 2. Nf3 e6 3. e3 Nf6 4. Nbd2 b6 5. b3 Bb7 6. Be2 Be7 7. Bb2 0-0 8. 0-0 c5 9. c4 Nc6 10. a3 Qc7 11. h3 Ne4 12. d5 Nd8 13. Nxe4 fxe4 14. Ne1 Nf7 15. Qd2 exd5 16. cxd5 Bd6 17. f4 exf3 18. Nxf3 Rae8 19. Bc4 Ne5 20. Nxe5 b5 21. Bxb5 Bxe5 22. Bxe5 Qxe5 23. Bxd7 Rd8 24. Rxf8+ Kxf8 25. Rf1+ Ke7 26. Be6 Qxe6 27. e4 Qb6 28. Qg5+ Kd7 29. Qxg7+ Kc8 30. Qc3 Kb8 31. Kh1 Qg6 32. Qf6 Qg8 33. Qe7 Re8 34. Qd6+ Ka8 35. Qxc5 a6 36. Qd4 Qg5 37. b4 Rg8 38. Qf2 Qg6 39. Qc2 Bxd5 40. Re1 Bb7 41. Re2 Rc8 42. Qd3 Re8 43. e5 Qxd3 0-1

[Event "IPCA Wch-A 13th"]
[Site "Velke Losiny"]
[Date "2013.06.21"]
[Round "5"]
[White "Sevcikova, Blanka"]
[Black "Klimsa, Jiri"]
[Result "0-1"]
[WhiteElo "1695"]
[BlackElo "1952"]
[PlyCount "83"]
[EventDate "2013.06.18"]
[EventType "swiss"]
[EventRounds "9"]
[EventCountry "CZE"]
[SourceTitle "CBM 155 Extra"]
[Source "ChessBase"]
[SourceDate "2013.08.26"]
[SourceVersion "1"]
[SourceVersionDate "2013.08.26"]
[SourceQuality "1"]

1. d4 f5 2. Nf3 Nf6 3. b3 e6 4. Bb2 b6 5. e3 Be7 6. Be2 Bb7 7. Nbd2 0-0 8. 0-0 Qe8 9. h3 Qg6 10. Re1 d6 11. Bf1 Nbd7 12. c4 Ne4 13. Nxe4 fxe4 14. Nh2 Rf5 15. Bc3 Re8 16. Re2 h5 17. Be1 Nf6 18. Rc2 Nh7 19. g3 Ng5 20. Bg2 Nf3+ 21. Kh1 Qf7 22. Bxf3 exf3 23. Qd3 Rg5 24. a4 a5 25. b4 Bc8 26. Qf1 Qf5 27. Raa2 axb4 28. Bxb4 e5 29. Rc1 e4 30. a5 bxa5 31. Rxa5 Qxh3 32. Rxg5 Bxg5 33. Bd2 c5 34. d5 Qf5 35. Qg1 Qf7 36. Qf1 Bf5 37. Rb1 Qd7 38. Kg1 Bh3 39. Qc1 Bg2 40. Qd1 Bf6 41. Qc1 Qh3 42. Qd1 0-1

[Event "IPCA Wch-A 13th"]
[Site "Velke Losiny"]
[Date "2013.06.19"]
[Round "3"]
[White "Sevcikova, Blanka"]
[Black "Bainhofner, Jiri"]
[Result "1/2-1/2"]
[WhiteElo "1695"]
[BlackElo "1828"]
[PlyCount "116"]
[EventDate "2013.06.18"]
[EventType "swiss"]
[EventRounds "9"]
[EventCountry "CZE"]
[SourceTitle "CBM 155 Extra"]
[Source "ChessBase"]
[SourceDate "2013.08.26"]
[SourceVersion "1"]
[SourceVersionDate "2013.08.26"]
[SourceQuality "1"]

1. d4 Nf6 2. Nf3 d6 3. b3 g6 4. Bb2 Bg7 5. e3 0-0 6. Nbd2 Nbd7 7. Bd3 c5 8. c3 a6 9. Rc1 b5 10. 0-0 Bb7 11. c4 b4 12. d5 a5 13. a4 bxa3 14. Bxa3 Ne8 15. h3 Nc7 16. Nb1 Nb8 17. Qd2 e5 18. e4 Nca6 19. Nc3 Nb4 20. Be2 Bc8 21. Nb5 N8a6 22. Ne1 Nc7 23. Bxb4 Nxb5 24. cxb5 axb4 25. Nf3 Bd7 26. Bc4 Qb6 27. Qe2 Rfb8 28. Ra1 Rxa1 29. Rxa1 Bxb5 30. Nd2 Bd7 31. Bd3 Qd8 32. Nc4 Bb5 33. Ra7 Bxc4 34. Bxc4 Ra8 35. Qa2 Rxa7 36. Qxa7 Bf8 37. Qa2 Qg5 38. Qe2 Qc1+ 39. Qf1 Qc3 40. f3 Bh6 41. Qd3 Qe1+ 42. Qf1 Be3+ 43. Kh1 Qxf1+ 44. Bxf1 Kg7 45. Kh2 Kf6 46. g3 h5 47. Be2 g5 48. g4 Kg6 49. Kg2 hxg4 50. hxg4 Kf6 51. Kf1 Bd2 52. Kf2 Ke7 53. Bb5 Kd8 54. Ke2 Bc3 55. Kd3 Kc7 56. Kc4 Kb6 57. Be8 f6 58. Ba4 Bd4 1/2-1/2

[Event "IPCA Wch-A 13th"]
[Site "Velke Losiny"]
[Date "2013.06.18"]
[Round "1"]
[White "Sevcikova, Blanka"]
[Black "Holovcak, Jiri"]
[Result "1/2-1/2"]
[WhiteElo "1695"]
[BlackElo "1993"]
[PlyCount "38"]
[EventDate "2013.06.18"]
[EventType "swiss"]
[EventRounds "9"]
[EventCountry "CZE"]
[SourceTitle "CBM 155 Extra"]
[Source "ChessBase"]
[SourceDate "2013.08.26"]
[SourceVersion "1"]
[SourceVersionDate "2013.08.26"]
[SourceQuality "1"]

1. d4 d5 2. e3 e6 3. a3 f5 4. Nf3 Nf6 5. Nbd2 Bd6 6. g3 0-0 7. Bg2 Nbd7 8. b3 Ne4 9. Bb2 Qf6 10. 0-0 c6 11. Rc1 Qh6 12. Ne5 Ndf6 13. h3 Bd7 14. Ndf3 Be8 15. Qe1 Bh5 16. c4 Ng5 17. Nxg5 Qxg5 18. f4 Qh6 19. Kh2 Ne4 1/2-1/2